Statistics for Male seiyuu (Japanese voice actors) 2

Click here to take the quiz!

General Stats

  • This quiz has been taken 6 times
  • The average score is 6 of 14

Answer Stats

HintAnswer% Correct
Miyuki Shirogane, SaitamaMakoto Furukawa
83%
Itadori, FugoJunya Enoki
67%
Ash Lynx, Megumi Fushiguro, Kyo SohmaYuuma Uchida
67%
Giorno, Tetsuya Kuroko, MikaelaKensho Ono
50%
Bisco, Yuu Ishigami, YukimaruRyota Suzuki
50%
Reki, DenkiTasuku Hatanaka
50%
Yuuri Katsuki, MikadoToshiyuki Toyonaga
50%
Atsushi Nakajima, ThorfinnYuuto Uemura
50%
Kazuya Kinoshita, Ichiro Suzuki, ShunShun Horie
33%
Caesar, Ayato Yuri, Albert MoriartyTakuya Sato
33%
Goblin Slayer, Seiya Ryuuguin, Weather ReportYuuichiro Umehara
33%
Asta, Hitohito Tadano, ShinraGakuto Kajiwara
17%
Ushijima, EliasRyouta Takeuchi
17%
Nagisa Hazuki, Aichi Sendo, Sangaku ManamiTsubasa Yonaga
17%

Score Distribution

Percentile by Number Answered

Percent of People with Each Score

Your Score History

You have not taken this quiz